Mentoringové a koučingové edukačné metódy v inovačnej praxi podnikov

Regionálne inovačné centrá ako stredobod záujmu. Bariéry brániace vytváraniu inovačnej atmosféry v podnikoch. Rozvojové procesy novátorov. Prístup kouča k novátorovi. Výber a voľba koučov pre novátorov. Znalosti kouča. Edukačné možnosti podnikov v rozvoji novátorov.

Enregistré dans:
Détails bibliographiques
Auteur principal: Tuma, Miroslav
Format: Chapitre de livre
Langue:slovaque
Sujets:
Tags: Ajouter un tag
Pas de tags, Soyez le premier à ajouter un tag!

MARC

LEADER 00000naa$a2200000$$$4500
001 0089999
005 20231127090119.8
041 0 |a slo 
044 |a SK 
245 1 0 |a Mentoringové a koučingové edukačné metódy v inovačnej praxi podnikov  |c Miroslav Tuma 
520 |a Regionálne inovačné centrá ako stredobod záujmu. Bariéry brániace vytváraniu inovačnej atmosféry v podnikoch. Rozvojové procesy novátorov. Prístup kouča k novátorovi. Výber a voľba koučov pre novátorov. Znalosti kouča. Edukačné možnosti podnikov v rozvoji novátorov. 
610 2 0 |a podnik 
610 2 0 |a inovácia 
610 2 0 |a centrá inovačné 
610 2 0 |a zamestnanci 
610 2 0 |a mentoring 
100 1 |a Tuma, Miroslav